000 00348 a2200097 4500
082 _a552 SHA
100 _aAbdul Shakoor
245 _aReading Material for workshop on selected topics in engineering geology/geotechnical engineering
_cAbdul Shakoor
260 _aLahore:
_bHosted by civil engineering deptt UET lhr,
300 _a411p. :
_bill, ;
_c29 cm.
650 _asponserd by HEC
999 _c674
_d674